000 00438nam a2200181Ia 4500
001 4308
005 20260306145746.0
008 260306t2002||||xx |||||||||||||| ||spa||
041 _aESP
082 _a320.53
_bA69-2
100 _aArendt, Hannah
_eAUT
245 0 _aLos orígenes del totalitarismo:
_bimperialismo
260 _c2002
300 _a448 páginas :
_c20 cm.
650 _aGEN
654 _aCDE
942 _cLIB
_dJUS
_fJUS
_2ddc
_n
999 _c4308
_d4308